Trade and Gender Opportunities and Challenges for Developing Countries (Record no. 3516)

MARC details
005 - DATE AND TIME OF LATEST TRANSACTION
control field 20250609125318.0
020 ## - INTERNATIONAL STANDARD BOOK NUMBER
International Standard Book Number 92-1-112634-7
082 ## - DEWEY DECIMAL CLASSIFICATION NUMBER
Classification number 338.642 NGU
245 ## - TITLE STATEMENT
Title Trade and Gender Opportunities and Challenges for Developing Countries
260 ## - PUBLICATION, DISTRIBUTION, ETC.
Place of publication, distribution, etc. New York,
Name of publisher, distributor, etc. United Nations,
Date of publication, distribution, etc. 2004.
300 ## - PHYSICAL DESCRIPTION
Extent xiii, 489p.: table.
Other physical details References.
Dimensions 22cm.
700 ## - ADDED ENTRY--PERSONAL NAME
Other authors/Editors NGUYEN, A. N. & ZAMPETTI, A. B.
942 ## - ADDED ENTRY ELEMENTS (KOHA)
Source of classification or shelving scheme Dewey Decimal Classification
Koha item type Books
Holdings
Date last seen Total checkouts Full call number Barcode Cost, replacement price Price effective from Koha item type Lost status Source of classification or shelving scheme Damaged status Not for loan Withdrawn status Home library Current library Shelving location Date acquired Cost, normal purchase price
06/09/2025   338.642 NGU 00000011726 30000.00 06/09/2025 Books   Dewey Decimal Classification       College of Business Education Main Library College of Business Education Main Library Reference Collection 07/15/2004 10000.00